Villes dans la chanson "Vesoul" de Jacques Brel - Statistiques

Statistiques générales
  • Ce quiz a été pris 371 fois
  • Le résultat moyen est 5 sur 6
Statistiques - réponses
Réponse % Correct
Vesoul
98%
Paris
94%
Honfleur
72%
Vierzon
72%
Hambourg
69%
Anvers
58%
Aucun quiz correspondant
Distribution des résultats
% des personnes avec chaque résultat
Percentile par nombre de réponses
Votre historique - résultats
Vous n’avez pas pris ce quiz